Statystyki dla Najważniejsze waluty na świecie

Kliknij tutaj aby rozwiązać quiz!

Ogólne statystyki

  • Ten quiz został rozwiązany 496 razy
  • Średni wynik to 4 z 10

Statystyki odpowiedzi

HintOdpowiedź% Poprawnych
2Euro
98%
1Dolar Amerykański
81%
7Frank szwajcarski
50%
5Dolar australijski
42%
6Dolar kanadyjski
41%
4Funt szterling
35%
3Jen japoński
27%
10Dolar nowozelandzki
10%
9Szwedzka korona
3%
8Chińskie renminbi
1%

Rozkład punktacji

Percentyl według liczby udzielonych odpowiedzi

Procent ludzi z każdym wynikiem

Twoja historia wyników

Nie rozwiązałeś tego quizu